各个韵母结尾的人口最多的5个城市(城市点位地图版) - Statistics

General Stats
  • This quiz has been taken 21 times
  • The average score is 102 of 143
Answers on the Map
Answers color-coded by a green-red scale on the quiz's map according to % correct below.
 
Answer Stats
韵母 人口 省级行政区 城市 % Correct
a 5980707 湖南省 长沙市
95%
i 3980779 新疆维吾尔自治区 乌鲁木齐市
95%
ing 9314685 江苏省 南京市
95%
a 1031396 海南省 三亚市
90%
a 648044 西藏自治区 拉萨市
90%
ai 24870895 直辖市 上海市
90%
an 12447718 湖北省 武汉市
90%
an 4418060 广东省 中山市
90%
ang 4506134 贵州省 贵阳市
90%
en 17338162 广东省 深圳市
90%
er 1406987 黑龙江省 齐齐哈尔市
90%
i 2360549 贵州省 遵义市
90%
in 13866009 直辖市 天津市
90%
ing 25379469 直辖市 重庆市
90%
ing 21893095 直辖市 北京市
90%
iong 2734275 台湾省 高雄市
90%
iong 631530 云南省 楚雄市
90%
ou 18676605 广东省 广州市
90%
ou 6715559 江苏省 苏州市
90%
u 15419445 四川省 成都市
90%
ai 2439585 广东省 珠海市
85%
ai 1728259 山东省 威海市
85%
an 11133823 陕西省 西安市
85%
an 9498863 广东省 佛山市
85%
an 8352574 山东省 济南市
85%
ang 7885142 辽宁省 沈阳市
85%
ei 5118199 安徽省 合肥市
85%
ei 4365947 台湾省 新北市
85%
ei 2594581 台湾省 台北市
85%
ei 1037863 安徽省 淮北市
85%
en 5163970 福建省 厦门市
85%
er 449436 内蒙古自治区 呼伦贝尔市
85%
i 4396835 江苏省 无锡市
85%
i 1862118 陕西省 宝鸡市
85%
iang 2061551 福建省 晋江市
85%
ie 578452 湖南省 张家界市
85%
in 6976136 黑龙江省 哈尔滨市
85%
in 1895865 吉林省 吉林市
85%
ing 5977185 广西壮族自治区 南宁市
85%
ing 5950578 云南省 昆明市
85%
o 5057140 浙江省 宁波市
85%
ong 3766534 江苏省 南通市
85%
ong 3033840 台湾省 台中市
85%
ou 10711238 浙江省 杭州市
85%
ou 5437602 广东省 汕头市
85%
ua 1463990 浙江省 金华市
85%
uan 10466625 广东省 东莞市
85%
uan 1901793 宁夏回族自治区 银川市
85%
ui 1420656 贵州省 六盘水市
85%
ai 3191299 山东省 烟台市
80%
ai 2032556 河北省 邢台市
80%
ang 3929660 江西省 南昌市
80%
ao 7172451 山东省 青岛市
80%
ao 2068763 江西省 上饶市
80%
ao 1881047 河北省 秦皇岛市
80%
ao 1268715 湖北省 仙桃市
80%
e 1469055 湖南省 常德市
80%
en 2126978 广东省 江门市
80%
ian 5736383 辽宁省 大连市
80%
ian 2305646 福建省 莆田市
80%
iang 1931455 广东省 湛江市
80%
iao 921808 内蒙古自治区 通辽市
80%
ie 1305066 贵州省 毕节市
80%
in 2158312 四川省 宜宾市
80%
iu 1859723 河南省 商丘市
80%
ong 2030203 山西省 大同市
80%
u 2210722 安徽省 芜湖市
80%
u 1859390 浙江省 义乌市
80%
u 1677050 江苏省 常熟市
80%
ua 806395 四川省 攀枝花市
80%
uan 4529141 山西省 太原市
80%
uan 2441064 台湾省 桃园市
80%
uang 185231 甘肃省 敦煌市
80%
ui 1140000 河北省 衡水市
80%
un 5539649 吉林省 长春市
80%
ang 3443805 河南省 洛阳市
75%
ang 2511721 山东省 潍坊市
75%
e 2545608 内蒙古自治区 呼和浩特市
75%
e 965075 河北省 三河市
75%
en 1158640 湖北省 天门市
75%
eng 1460381 内蒙古自治区 赤峰市
75%
ia 355968 甘肃省 临夏市
75%
ian 1025543 河南省 驻马店市
75%
o 3386471 山东省 淄博市
75%
ou 6650120 河南省 郑州市
75%
ua 712584 湖南省 怀化市
75%
uang 5758403 河北省 石家庄市
75%
ui 1212791 甘肃省 天水市
75%
un 1322098 辽宁省 抚顺市
75%
uo 472978 陕西省 商洛市
75%
e 2230000 山东省 菏泽市
70%
en 959198 山西省 临汾市
70%
eng 2379194 江苏省 盐城市
70%
ia 615220 河南省 三门峡市
70%
iang 1374414 河南省 新乡市
70%
iang 1292987 广东省 阳江市
70%
ong 1297695 四川省 自贡市
70%
uan 1738424 广东省 清远市
70%
ao 1551513 山东省 日照市
65%
eng 1735581 河南省 开封市
65%
er 582206 内蒙古自治区 巴彦淖尔市
65%
er 416188 云南省 普洱市
65%
i 3648324 山东省 临沂市
65%
ian 1622912 江苏省 宿迁市
65%
ian 905082 辽宁省 瓦房店市
65%
in 1779515 江苏省 江阴市
65%
u 1336093 安徽省 蚌埠市
65%
un 1217501 贵州省 安顺市
65%
uo 1085474 河南省 焦作市
65%
uo 435438 广西壮族自治区 崇左市
65%
eng 2006546 山东省 聊城市
60%
ia 244309 宁夏回族自治区 青铜峡市
60%
ong 1936534 四川省 南充市
60%
uang 2280953 山东省 枣庄市
60%
e 1326687 河南省 漯河市
55%
eng 1465000 河南省 新郑市
55%
er 328241 新疆维吾尔自治区 阿拉尔市
55%
un 1121707 江西省 宜春市
55%
a 354617 辽宁省 灯塔市
50%
ei 1189813 云南省 宣威市
50%
iang 1363470 广东省 廉江市
50%
iao 607098 辽宁省 大石桥市
50%
uang 485627 安徽省 明光市
50%
iong 353916 广东省 南雄市
45%
ua 707047 河北省 遵化市
45%
uai 655300 贵州省 仁怀市
45%
ui 640910 广东省 四会市
45%
iao 439998 辽宁省 北票市
40%
iu 1211637 广西壮族自治区 北流市
40%
iu 432095 山西省 介休市
40%
un 875896 广东省 阳春市
40%
ia 435405 山东省 栖霞市
35%
iao 210757 山西省 古交市
35%
iu 816401 河北省 任丘市
35%
ua 1128204 江苏省 兴化市
35%
uang 1163364 山东省 寿光市
35%
uo 632246 湖南省 汨罗市
35%
a 357535 黑龙江省 安达市
30%
iao 317758 吉林省 双辽市
30%
ui 710900 湖北省 广水市
30%
uo 455643 广西壮族自治区 平果市
30%
ue 676264 湖北省 武穴市
25%
iu 840553 山东省 安丘市
15%
No matching quizzes found
Score Distribution
Percent of People with Each Score
Percentile by Number Answered
Your Score History
You have not taken this quiz